Was ist typisch deutsch? (15 Klischees) - Statistiken

Allgemein
  • Dieses Quiz wurde 236 mal gespielt
  • Das Durchschnittsergebnis liegt bei 5 aus 15
Antwortstatistiken
Hint Antwort % Korrekt
1 Bier
86%
14 Lederhose
65%
2 Pünktlichkeit
54%
7 Oktoberfest
52%
4 Bratwurst
51%
12 Brezel
42%
5 Sauerkraut
30%
15 Schwarzbrot
26%
8 Fußball
24%
6 Dirndl
21%
3 Autobahn
20%
13 Volksmusik
16%
10 Schrebergarten
8%
11 Jodeln
7%
9 Gartenzwerg
4%
Keine übereinstimmenden Quizze gefunden
Verteilung der Resultate
Anzahl Personen mit jedem Resultat
Perzentil nach korrekt beantworteten Fragen
Ihre Resultats-Entwicklung
Sie haben dieses Quiz noch nicht gespielt